[Event "Charlotte CCCSA Summer IM-B"]
[Site "Charlotte"]
[Date "2022.07.29"]
[Round "9"]
[White "Wang, Tianqi"]
[Black "Mishra, Prateek"]
[Result "1/2-1/2"]
[WhiteElo "2402"]
[BlackElo "2204"]
[PlyCount "27"]
[EventDate "2022.07.24"]
[EventType "tourn"]
[EventRounds "9"]
[EventCountry "USA"]
[SourceTitle "CBM 209 Extra"]
[Source "ChessBase"]
[SourceDate "2022.09.30"]
[SourceVersion "1"]
[SourceVersionDate "2022.09.30"]
[SourceQuality "1"]

1. e4 e5 2. Nf3 Nc6 3. Bb5 a6 4. Bxc6 dxc6 5. 0-0 Bg4 6. h3 h5 7. d3 Qf6 8. Be3 Bxf3 9. Qxf3 Qxf3 10. gxf3 f5 11. f4 exf4 12. Bxf4 Bd6 13. Bxd6 cxd6 14. Nd2 1/2-1/2

[Event "Charlotte CCCSA Summer IM-B"]
[Site "Charlotte"]
[Date "2022.07.27"]
[Round "5"]
[White "Atanasov, Anthony"]
[Black "Mishra, Prateek"]
[Result "1/2-1/2"]
[WhiteElo "2172"]
[BlackElo "2204"]
[PlyCount "239"]
[EventDate "2022.07.24"]
[EventType "tourn"]
[EventRounds "9"]
[EventCountry "USA"]
[SourceTitle "CBM 209 Extra"]
[Source "ChessBase"]
[SourceDate "2022.09.30"]
[SourceVersion "1"]
[SourceVersionDate "2022.09.30"]
[SourceQuality "1"]

1. d4 Nf6 2. c4 g6 3. Nc3 d5 4. cxd5 Nxd5 5. e4 Nxc3 6. bxc3 Bg7 7. Qa4+ Nd7 8. Nf3 0-0 9. Qa3 c5 10. Be2 Qc7 11. 0-0 b6 12. Bg5 Bb7 13. Bd3 h6 14. Bd2 Rad8 15. Rad1 g5 16. Bb1 b5 17. Qb3 a6 18. a4 bxa4 19. Qa2 e6 20. h3 Nf6 21. Rfe1 Nh5 22. Qxa4 Nf4 23. Qc4 Rc8 24. Qb3 Ba8 25. Qa3 a5 26. Bxf4 gxf4 27. d5 e5 28. Nh4 Bb7 29. Nf5 Kh7 30. d6 Qd7 31. Qxa5 Ra8 32. Qxc5 Rfc8 33. Qb4 Ra4 34. Qb2 Rac4 35. Bd3 R4c5 36. Rd2 Bf6 37. c4 Ba6 38. Rc1 f3 39. Ra1 Bxc4 40. Bxc4 Rxc4 41. gxf3 Rg8+ 42. Kh1 Rg5 43. Rc2 Rd4 44. Rc7 Qe6 45. Kh2 Rh5 46. Qa2 Rxd6 47. Rxf7+ Kg6 48. Rg1+ Rg5 49. Rxg5+ hxg5 50. Qxe6 Rxe6 51. Rd7 Ra6 52. Rd6 Rxd6 53. Nxd6 Be7 54. Nc4 Bf6 55. Kg2 Kh5 56. Ne3 Bh8 57. Nf5 Bf6 58. Kf1 Bd8 59. Ne3 Kh4 60. Kg2 Bf6 61. Nf5+ Kh5 62. Kg1 Bd8 63. Kf1 Bb6 64. Ke2 Bc5 65. Kd3 Bxf2 66. Kc4 Be1 67. Kd5 Bc3 68. Ke6 Bd4 69. Kf7 Bc3 70. Kf6 Bb2 71. Kf7 Bc3 72. Ke7 Bb2 73. Kd7 Bc3 74. Kc7 Bb2 75. Kc6 Ba1 76. Kb7 Bb2 77. Kb6 Ba1 78. Kb5 Bc3 79. Kc4 Bd2 80. Kd5 Bc3 81. Ke6 Bb2 82. Kf6 Bc3 83. Kg7 Bb2 84. Kf8 Bc3 85. Kf7 Bb2 86. Ke7 Bc3 87. Kd6 Bb2 88. Kd5 Bc3 89. Ke6 Bb2 90. Ne3 Kh4 91. Nc4 Bc3 92. Nxe5 Kxh3 93. Nf7 Kg3 94. Kd5 g4 95. fxg4 Kxg4 96. Ne5+ Kg5 97. Nc4 Kf6 98. Kd6 Bb4+ 99. Kd7 Bc3 100. Kd6 Bb4+ 101. Kd5 Bc3 102. Nd6 Ke7 103. Nf5+ Kd7 104. Ne3 Ke7 105. Nc4 Kd7 106. Na3 Ke7 107. Nb5 Bb2 108. Na7 Ba1 109. Nc8+ Kd7 110. Nd6 Ke7 111. Nf5+ Kd7 112. Nd4 Bxd4 113. Kxd4 Ke6 114. e5 Ke7 115. Kd5 Kd7 116. e6+ Ke7 117. Ke5 Ke8 118. Kd6 Kd8 119. e7+ Ke8 120. Ke6 1/2-1/2

[Event "World op 50th"]
[Site "Philadelphia"]
[Date "2022.07.03"]
[Round "6"]
[White "Mishra, Prateek"]
[Black "Shabalov, Alexander"]
[Result "0-1"]
[WhiteElo "2204"]
[BlackElo "2510"]
[PlyCount "64"]
[EventDate "2022.06.30"]
[EventType "swiss"]
[EventRounds "9"]
[EventCountry "USA"]
[SourceTitle "CBM 209 Extra"]
[Source "ChessBase"]
[SourceDate "2022.09.30"]
[SourceVersion "1"]
[SourceVersionDate "2022.09.30"]
[SourceQuality "1"]

1. e4 c5 2. Nf3 Nc6 3. d4 cxd4 4. Nxd4 Nf6 5. Nc3 e6 6. Nxc6 bxc6 7. e5 Nd5 8. Ne4 Bb7 9. c4 Nb4 10. Bd2 c5 11. Bxb4 cxb4 12. Qd4 b3 13. axb3 Bxe4 14. Qxe4 Bb4+ 15. Ke2 0-0 16. h4 f6 17. Rh3 fxe5 18. Rd1 Qc7 19. Rf3 a5 20. g3 d5 21. cxd5 exd5 22. Qxd5+ Kh8 23. Qc4 Qb6 24. Bg2 e4 25. Rxf8+ Rxf8 26. Rf1 Qh6 27. Qc1 Qh5+ 28. f3 Re8 29. g4 exf3+ 30. Kxf3 Qd5+ 31. Kf2 Bc5+ 32. Kg3 Bd6+ 0-1

[Event "Las Vegas National op"]
[Site "Las Vegas"]
[Date "2022.06.12"]
[Round "9"]
[White "Mishra, Prateek"]
[Black "Ai, Evan Zihao"]
[Result "0-1"]
[WhiteElo "2286"]
[BlackElo "1991"]
[PlyCount "80"]
[EventDate "2022.06.08"]
[EventType "swiss"]
[EventRounds "9"]
[EventCountry "USA"]
[SourceTitle "CBM 208 Extra"]
[Source "ChessBase"]
[SourceDate "2022.07.31"]
[SourceVersion "1"]
[SourceVersionDate "2022.07.31"]
[SourceQuality "1"]

1. d4 Nf6 2. Bg5 Ne4 3. h4 h6 4. Bf4 d5 5. Nd2 Nxd2 6. Qxd2 Bf5 7. Nf3 e6 8. e3 Bd6 9. Ne5 Be7 10. h5 Nd7 11. c4 Nf6 12. c5 Ne4 13. Qb4 0-0 14. Qxb7 Rb8 15. Qxa7 Ra8 16. Qb7 Rb8 17. Qc6 Rxb2 18. Qa4 Bh4 19. g3 Qb8 20. Nc6 Rb1+ 21. Rxb1 Qxb1+ 22. Qd1 Qxa2 23. Be2 Nc3 24. Qd2 Qa1+ 25. Bd1 Bg4 26. gxh4 Bxd1 27. 0-0 Ra8 28. Nb4 Bf3 29. Re1 Ne4 30. Qc1 Qa4 31. Nd3 f6 32. c6 Qb5 33. Qc2 Ra3 34. Nc5 Rc3 35. Qb1 Qxb1 36. Rxb1 Nxc5 37. dxc5 e5 38. Bg3 Rxc5 39. Kf1 Rxc6 40. Ke1 Rc2 0-1

[Event "Charlotte CCCSA Spring IM-B"]
[Site "Charlotte"]
[Date "2022.03.17"]
[Round "3"]
[White "Mishra, Prateek"]
[Black "Ngo, Bach"]
[Result "0-1"]
[WhiteElo "2164"]
[BlackElo "2296"]
[PlyCount "58"]
[EventDate "2022.03.16"]
[EventType "tourn"]
[EventRounds "9"]
[EventCountry "USA"]
[SourceTitle "CBM 207 Extra"]
[Source "ChessBase"]
[SourceDate "2022.05.31"]
[SourceVersion "1"]
[SourceVersionDate "2022.05.31"]
[SourceQuality "1"]

1. e4 e5 2. Nf3 Nc6 3. Bb5 a6 4. Ba4 Nf6 5. 0-0 Be7 6. d3 b5 7. Bb3 d6 8. a3 0-0 9. Nc3 Be6 10. Be3 h6 11. Nd5 Na5 12. Ba2 Nxd5 13. exd5 Bg4 14. h3 Bh5 15. Qe1 Bxf3 16. gxf3 Nb7 17. Kh2 Nc5 18. Rg1 Kh7 19. c4 f5 20. f4 exf4 21. Bxf4 Bf6 22. Qd2 Bd4 23. Rae1 Qh4 24. Rg3 Rae8 25. Rxe8 Rxe8 26. Be3 Nd7 27. Bb3 Ne5 28. Bxd4 Qxd4 29. cxb5 f4 0-1

[Event "Las Vegas National op"]
[Site "Las Vegas"]
[Date "2019.06.13"]
[Round "2"]
[White "Mishra, Prateek"]
[Black "Nestorovic, Nikola"]
[Result "0-1"]
[WhiteElo "2034"]
[BlackElo "2481"]
[PlyCount "58"]
[EventDate "2019.06.12"]
[EventType "swiss"]
[EventRounds "9"]
[EventCountry "USA"]
[SourceTitle "CBM 190 Extra"]
[Source "ChessBase"]
[SourceDate "2019.07.15"]
[SourceVersion "1"]
[SourceVersionDate "2019.07.15"]
[SourceQuality "1"]

1. e4 e5 2. Nf3 Nc6 3. Bb5 a6 4. Ba4 Nge7 5. Nc3 d6 6. d4 exd4 7. Nxd4 Bd7 8. 0-0 b5 9. Bb3 Nxd4 10. Qxd4 c5 11. Qxd6 c4 12. Bxc4 bxc4 13. Rd1 Bg4 14. Qxd8+ Rxd8 15. Rxd8+ Kxd8 16. b3 Be6 17. Bg5 Kc7 18. Rd1 Ng6 19. Nd5+ Kc6 20. bxc4 Ne5 21. Rb1 Bc5 22. Nb4+ Bxb4 23. Rxb4 Nxc4 24. Kf1 a5 25. Rb1 Nd6 26. f3 Bxa2 27. Ra1 Bc4+ 28. Kf2 Ra8 29. e5 Nb7 0-1

[Event "US Masters op"]
[Site "Greensboro"]
[Date "2018.08.19"]
[Round "5"]
[White "Hong, Andrew Z"]
[Black "Mishra, Prateek"]
[Result "1-0"]
[WhiteElo "2377"]
[BlackElo "2068"]
[PlyCount "79"]
[EventDate "2018.08.17"]
[EventType "swiss"]
[EventRounds "9"]
[EventCountry "USA"]
[SourceTitle "CBM 186 Extra"]
[Source "ChessBase"]
[SourceDate "2018.08.24"]
[SourceVersion "1"]
[SourceVersionDate "2018.08.24"]
[SourceQuality "1"]

1. e4 e5 2. Nf3 Nc6 3. Bc4 Nf6 4. d3 Bc5 5. 0-0 0-0 6. h3 h6 7. Re1 d6 8. c3 Be6 9. Nbd2 a6 10. Bb3 Re8 11. Bc2 d5 12. exd5 Nxd5 13. Nf1 Ba7 14. Ng3 Qd7 15. Nxe5 Nxe5 16. Rxe5 Qd6 17. d4 c5 18. Qd3 Nf6 19. Be3 Rad8 20. Rd1 cxd4 21. cxd4 Bb8 22. Ne4 Qxe5 23. dxe5 Rxd3 24. Nxf6+ gxf6 25. Rxd3 fxe5 26. Bxh6 e4 27. Rc3 f5 28. Bb3 Be5 29. Rc8 Rxc8 30. Bxe6+ Kh7 31. Bxf5+ Kxh6 32. Bxc8 Bd4 33. Bxb7 e3 34. fxe3 Bxe3+ 35. Kh2 a5 36. b3 Bc5 37. g3 Kg5 38. Kg2 Kh5 39. Kf3 Kg5 40. Bc6 1-0

[Event "Southwest Class-ch 8th"]
[Site "Fort Worth"]
[Date "2017.02.17"]
[Round "2"]
[White "Mishra, Prateek"]
[Black "Mulyar, Michael A"]
[Result "0-1"]
[WhiteElo "1923"]
[BlackElo "2397"]
[PlyCount "100"]
[EventDate "2017.02.16"]
[EventType "swiss"]
[EventRounds "9"]
[EventCountry "USA"]
[SourceTitle "EXT 2018"]
[Source "ChessBase"]
[SourceDate "2017.10.13"]
[SourceVersion "1"]
[SourceVersionDate "2017.10.13"]
[SourceQuality "1"]

1. e4 e5 2. Nf3 Nc6 3. Bb5 a6 4. Bxc6 dxc6 5. 0-0 f6 6. d4 exd4 7. Nxd4 c5 8. Ne2 Qxd1 9. Rxd1 Bd7 10. Nbc3 0-0-0 11. Be3 Re8 12. Rd2 Bc6 13. Rad1 b6 14. Nf4 Nh6 15. f3 Nf7 16. Kf2 Ne5 17. b3 c4 18. Ncd5 Kb7 19. Nh5 a5 20. a4 Nd7 21. bxc4 Nc5 22. Nc3 Nxa4 23. Nxa4 Bxa4 24. Ra1 Bc6 25. c3 a4 26. Ng3 Ra8 27. Nf5 g6 28. Nd4 Be7 29. Rda2 Bd7 30. Nb5 Bxb5 31. cxb5 a3 32. c4 Rhd8 33. Ke2 Ra4 34. c5 Bxc5 35. Bxc5 bxc5 36. Rxa3 Rxa3 37. Rxa3 Rd6 38. Rd3 Kb6 39. Rb3 c4 40. Rb1 Kc5 41. Ke3 c3 42. f4 Kc4 43. e5 fxe5 44. fxe5 Rd3+ 45. Ke4 Rd4+ 46. Ke3 Rd3+ 47. Ke4 c2 48. Rc1 Kc3 49. Ra1 Rd4+ 50. Ke3 Rd1 0-1